000 00981cam a2200277 a 4500
001 3156
005 20240214160234.0
020 _a0590273396
040 _aDLC
_cDLC
_dDLC
_beng
050 0 0 _aPC4445.E49
_b 1996
082 0 0 _a468.1
100 1 _aElya, Susan Middleton
_d1955-
245 1 0 _aSay hola to Spanish /
_cby Susan Middleton Elya ; illustrated by Loretta Lopez
250 _aFirst Scholastic printing , April 1998
260 _aNew York :
_bScholastic ,
_c1996
300 _a30 unnumbered pages :
_bcolor illustrations ;
_c26 cm.
505 _aH
520 _aIntroduces Spanish by defining such common words as "hola" ("hello"), "perro" ("dog"), and "madre" ("mother").
521 _a450
_bLexile
521 _aH
_bRaz-Plus
650 0 _aSpanish language
_xVocabulary
_xJuvenile literature.
650 1 _aSpanish language
_xVocabulary.
700 1 _aLopez, Loretta
_d1963-
906 _a7
_bcbu
_corignew
_d1
_eocip
_f19
_gy-gencatlg
942 _2ddc
_cBK
_n0
999 _c3156
_d3156